000 00389pab a2200169 454500
008 180718b2006 xxu||||| |||| 00| 0 eng d
100 _aManohar, A.
245 _aGender budgeting: violence against women
260 _c2006
300 _ap.35-39.
362 _aOct
650 _aViolence
650 _aWomen - Crimes against
650 _aWomen
773 _aYojana
909 _a71722
999 _c71722
_d71722